000 00284nam a22001337a 4500
008 170919b xxu||||| |||| 00| 0 eng d
020 _a0895776162
041 _aeng
080 _a7
100 _a44
101 _aART
245 _aOUR GLORIOUS CENTURY
_cPOPE, J.A
942 _2udc
_cBK
999 _c28135
_d28135